| 000 | 00789cam a2200313 4500 | ||
|---|---|---|---|
| 001 | J4058 | ||
| 008 | 090401t1996 xxu||||| |||| 00| 0 eng d | ||
| 035 | _a(Sirsi) u58074 | ||
| 041 | _aeng | ||
| 050 | _a333.3309426 | ||
| 110 |
_aBidwells _92678 |
||
| 245 | _aReview 1996/97. | ||
| 260 |
_aCambridge _bBidwells _c1996 |
||
| 300 | _a21p. : ill. ; 30cm. | ||
| 350 | _a0 | ||
| 650 | _aAEROSPACE INDUSTRY | ||
| 650 | _aPROPERTY-COMMERCIAL PROPERTY | ||
| 650 | _aDEER MANAGEMENT | ||
| 650 | _aEAST ANGLIA | ||
| 650 | _aFARMLAND | ||
| 650 | _aLAND PRICES | ||
| 650 | _aMARSHALL AEROSPACE | ||
| 650 | _aPROPERTY MARKET | ||
| 650 |
_aRESIDENTIAL PROPERTY _96266 |
||
| 650 | _aRETAIL PROPERTY | ||
| 690 | _aPROPERTY-COMMERCIAL PROPERTY | ||
| 942 | _n0 | ||
| 948 | _c04/03/1997 | ||
| 999 |
_c94020 _d94020 |
||